The Egyptian Department and its excavations /
Main Author:
Format: Book
Language: English
Published:
Boston :
Museum of Fine Arts,
[©1958].
Subjects:
Tags: Add Tag
Call Number: DT59 .B6 D8 1958
| LEADER | 00966nam a2200253I 4500 | ||
|---|---|---|---|
| 001 | 3303 | ||
| 003 | OSt | ||
| 005 | 20260510085925.0 | ||
| 008 | 130303s1958 mauabc 000 0 eng d | ||
| 010 | |a 60000291 | ||
| 040 | |c ARCE Library | ||
| 043 | |a f-ua--- | ||
| 050 | 4 | |a DT59 .B6 D8 1958 | |
| 100 | 1 | |a Dunham, Dows, |d 1890- |e author | |
| 245 | 1 | 4 | |a The Egyptian Department and its excavations / |c by Dows Dunham. |
| 264 | 1 | |a Boston : |b Museum of Fine Arts, |c [©1958]. | |
| 300 | |a 151 pages : |b illustrations (1 color), maps, portraits ; |c 24 cm. | ||
| 500 | |a "Adapted from a series of lectures on the history of the Egyptian Department and the excavations in Egypt of the Harvard-Boston Expedition ... 1956-7." | ||
| 610 | 1 | 0 | |a Museum of Fine Arts, Boston. |b Department of Egyptian Art. |
| 610 | 2 | 0 | |a Joint Egyptian Expedition of Harvard University and Boston Museum of Fine Arts. |
| 651 | 0 | |a Egypt |x Antiquities. | |
| 901 | |a reviewed | ||
| 942 | |c BK |2 lcc | ||
| 999 | |c 6412 |d 6412 | ||
